MLB, NBA, NHL Sweeps - Statistics

General Stats
  • This quiz has been taken 18 times
  • The average score is 39 of 48
Answer Stats
League Year Answer % Correct
MLB 2004 Boston Red Sox
100%
MLB 2007 Boston Red Sox
100%
MLB 1976 Cincinnati Reds
100%
MLB 1990 Cincinnati Reds
100%
NBA 2002 Los Angeles Lakers
100%
NBA 1959 Boston Celtics
94%
NBA 1989 Detroit Pistons
94%
NBA 1975 Golden State Warriors
94%
NBA 2018 Golden State Warriors
94%
MLB 1927 New York Yankees
94%
MLB 1928 New York Yankees
94%
MLB 1932 New York Yankees
94%
MLB 1938 New York Yankees
94%
MLB 1939 New York Yankees
94%
MLB 1950 New York Yankees
94%
MLB 1998 New York Yankees
94%
MLB 1999 New York Yankees
94%
NHL 1944 Montreal Canadiens
88%
NHL 1960 Montreal Canadiens
88%
NHL 1968 Montreal Canadiens
88%
NHL 1969 Montreal Canadiens
88%
NHL 1976 Montreal Canadiens
88%
NHL 1977 Montreal Canadiens
88%
MLB 1954 New York Giants
88%
MLB 1989 Oakland Athletics
88%
MLB 2012 San Francisco Giants
88%
NHL 1941 Boston Bruins
81%
NHL 1970 Boston Bruins
81%
NBA 2007 San Antonio Spurs
81%
NHL 1943 Detroit Red Wings
75%
NHL 1952 Detroit Red Wings
75%
NHL 1997 Detroit Red Wings
75%
NHL 1998 Detroit Red Wings
75%
NBA 1995 Houston Rockets
75%
MLB 1963 Los Angeles Dodgers
75%
NHL 1948 Toronto Maple Leafs
75%
NHL 1949 Toronto Maple Leafs
75%
NHL 1988 Edmonton Oilers
69%
NHL 1995 New Jersey Devils
69%
NBA 1983 Philadelphia 76ers
69%
NHL 1992 Pittsburgh Penguins
69%
MLB 2005 Chicago White Sox
63%
MLB 1914 Boston Braves
56%
NHL 1996 Colorado Avalanche
56%
NHL 1982 New York Islanders
56%
NHL 1983 New York Islanders
56%
NBA 1971 Milwaukee Bucks
50%
MLB 1966 Baltimore Orioles
44%
No matching quizzes found
Score Distribution
Percent of People with Each Score
Percentile by Number Answered
Your Score History
You have not taken this quiz